000 00744nam a22002057a 4500
999 _c15870
_d15870
003 AR-CdUCM
008 190430b ||||| |||| 00| 0 spa d
040 _aMUNICIPALIDAD PROVINCIAL DEL CUSCO
_cBIBLIOTECA MUNICIPAL DEL CUSCO
082 _a848.7 /
_bC26
100 _aCarrillo, Francisco
_916973
245 _aAntología de la poesía peruana joven /
260 _aLima,
_bLa rama florida,
_bBiblioteca universitaria,
_c1965.
300 _a64 páginas ;
_c16 cm
505 _aContenido: César Calvo -- Carlos Henderson -- Winston Orrillo -- Antonio Cisneros -- Javier Heraud...
650 _aPoesía peruana
_9806
650 _aPoesía joven
_935068
650 _aAutores peruanos
_9731
942 _2ddc
_cLIBROS
945 _adavv
_d30/04/2019